What Movie? US Flags in Movies Quiz Stats

 Plays Quiz Updated Jul 4, 2016

Challenge
Share
Tweet
Score 0/28 Timer 08:00
2 Plays Today
% Correct
Rocky IV
88.7%
Top Gun
88.7%
The Patriot
84%
Ferris Bueller's Day Off
78.5%
Dead Poets Society
76.7%
D2: The Mighty Ducks
73.8%
Patton
73.3%
Argo
71.9%
Iron Man 3
70%
The Wolf of Wall Street
69.2%
Man of Steel
68.8%
Gran Torino
65.3%
Glory
59.3%
Dances with Wolves
58%
% Correct
Gangs of New York
52.6%
Dallas Buyers Club
45.9%
My Cousin Vinny
44.7%
Good Will Hunting
43.9%
Dog Day Afternoon
40.6%
Flags of Our Fathers
34.2%
The Rocketeer
33%
Michael Clayton
28.9%
Idiocracy
26.4%
Yankee Doodle Dandy
26.2%
Mission to Mars
19.2%
A Scanner Darkly
19%
They Live
18.6%
In the Loop
10.6%

You're not logged in!

Compare scores with friends on all Sporcle quizzes.
Join for Free
OR
Log In

You Might Also Like...

Show Comments

Extras

Top Quizzes Today


Score Distribution

Your Account Isn't Verified!

In order to create a playlist on Sporcle, you need to verify the email address you used during registration. Go to your Sporcle Settings to finish the process.

Report this User

Report this user for behavior that violates our Community Guidelines.

Details: